| 000 | 00893nam a22002297a 4500 | ||
|---|---|---|---|
| 005 | 20100802161121.0 | ||
| 010 | _aENG- 97626 | ||
| 020 |
_a8188965499 _c595.00 |
||
| 035 | _aEN-81159 | ||
| 037 | _bDBAD/PUB | ||
| 082 | _a791.43635380954792 | ||
| 245 |
_aMelodrama and the nation : _bsexual economies of bombay cinema 1970-2000 / _cby Karen Gabriel |
||
| 260 |
_aNew Delhi _bWomen Unlimited _c2010 |
||
| 270 |
_aK 36, Hauz Khas Enclave, Ground Floor _bNew Delhi _e110 016 |
||
| 300 |
_axlii, 392p. _c22cm (Hb) |
||
| 500 | _aINcludes bibliographical references and index | ||
| 650 |
_aMotions Picture _94544 |
||
| 650 |
_asex _94545 |
||
| 650 |
_aGender identiy _94546 |
||
| 942 |
_2ddc _cEN _h791.43635380954792 _mGAB |
||
| 999 |
_c38785 _d38785 |
||